-ance Vocabulary Words - Statistics

General Stats
  • This quiz has been taken 1,302 times
  • The average score is 14 of 20
Answer Stats
Hint Answer % Correct
Hospital vehicle Ambulance
98%
Move body to a beat Dance
98%
Briefly look Glance
93%
European country France
90%
Hypnotized state Trance
86%
Exit antonym Entrance
85%
Angry sendoff: Good ________ ! Riddance
85%
Idealized love Romance
85%
An engaged man Fiancé
82%
Thrusting weapon Lance
75%
Possibility, prospect Chance
71%
Lack of knowledge Ignorance
71%
Move forward, proceed Advance
63%
Stability, equilibrium Balance
59%
Spiritual session Seance
53%
Stylish grace Elegance
46%
Subtlety, fine distinction Nuance
37%
Concert presentation Performance
37%
Single example Instance
35%
Voluntary self-punishment Penance
29%
No matching quizzes found
Score Distribution
Percent of People with Each Score
Percentile by Number Answered
Your Score History
You have not taken this quiz